000
00295nam a2200109Ia 4500
008
200302s9999 xx 000 0 und d
100
_a
Philip Jodidio
245
_a
Jean-Marie Duthilleul And Etienne Tricaud Arep
260
_b
Images Publications Group, Australia
260
_c
2008
300
_a
248
999
_c
4732
_d
4732